|
|
|
|
| LEADER |
01483nam a2200349 a 4500 |
| 001 |
12355049 |
| 008 |
090518s2000 enka b 001 0 eng d |
| 010 |
|
|
|a 2001267557
|
| 020 |
|
|
|a 0199637911
|
| 020 |
|
|
|a 0199637903 (pbk.)
|
| 040 |
|
|
|a UKM
|c UKM
|d IXA
|d C#P
|d COU
|d C#P
|d AGL
|d DLC
|
| 082 |
0 |
0 |
|a 570/.285
|2 21
|
| 245 |
0 |
0 |
|a Bioinformatics :
|b sequence, structure, and databanks : a practical approach /
|c edited by D. Higgins and W. Taylor.
|
| 260 |
|
|
|a Oxford ;
|a New York :
|b Oxford University Press,
|c 2000.
|
| 300 |
|
|
|a xx, 249 p. :
|b ill. ;
|c 26 cm.
|
| 490 |
1 |
|
|a The practical approach series
|
| 504 |
|
|
|a Includes bibliographical references.
|
| 541 |
1 |
|
|e 00013415
|
| 650 |
|
0 |
|a Bioinformatics.
|
| 650 |
|
0 |
|a Molecular biology
|x Data processing.
|
| 650 |
|
0 |
|a Biomolecules
|x Data processing.
|
| 650 |
|
2 |
|a Computational Biology.
|
| 650 |
|
2 |
|a Medical Informatics.
|
| 650 |
|
2 |
|a Molecular Biology
|x methods.
|
| 650 |
|
2 |
|a Proteins
|x analysis.
|
| 650 |
|
2 |
|a Sequence Analysis.
|
| 700 |
1 |
|
|a Higgins, D.
|q (Des)
|
| 700 |
1 |
|
|a Taylor, W. R.
|q (Willie R.)
|
| 852 |
4 |
|
|a Ayesha Abed library
|j Generl Shelf
|
| 999 |
|
|
|c 856
|d 856
|
| 952 |
|
|
|0 0
|1 4
|2 ddc
|4 0
|6 570_285000000000000_BIO
|7 0
|9 796
|a BRACUL
|b BRACUL
|c GEN
|d 2009-05-19
|g 4125.00
|l 0
|o 570.285 BIO
|p 3010013415
|r 2009-05-19
|t 1
|w 2009-05-19
|y BK
|x Koha Inventory 2020
|
| 952 |
|
|
|0 0
|1 0
|2 ddc
|4 0
|6 570_285000000000000_BIO
|7 0
|9 9819
|a BRACUL
|b BRACUL
|c GEN
|d 2010-05-05
|g 4125.00
|l 8
|m 37
|o 570.285 BIO
|p 3010013414
|r 2026-01-05
|s 2025-12-07
|t 2
|w 2010-05-05
|y BK
|